| 000 | 00853nam a22002897a 4500 | ||
|---|---|---|---|
| 001 | BR7908227 | ||
| 003 | BR-BrBNA | ||
| 005 | 20230928090342.0 | ||
| 007 | ta | ||
| 008 | 230509b bl.||||| |||| 00| 0 por d | ||
| 040 |
_aBR-BrBNA _bpor _cBiblioteca Nacional de Agricultura |
||
| 041 | _a(Eng, Spa, Por) | ||
| 072 | _aF50 | ||
| 090 | _ F50 BR7908227 | ||
| 100 | 1 | _aValente, M. da C. | |
| 100 | 1 | _aCosta, C.G. | |
| 110 | 1 |
_aJardim Botanico do Rio de Janeiro, RJ (Brasil). Secao de Botanica Sistematica _96638 |
|
| 245 | 1 |
_aBibliografia de botanica. 2. Anatomia vegetal _bAnexo |
|
| 260 | 3 |
_aRio de Janeiro, RJ (Brasil): _c1979. |
|
| 300 | _a27 p. | ||
| 500 | _aReprint of: "Rodriguesia" v. 31(51)1979 | ||
| 650 | _aANATOMIA VEGETAL | ||
| 650 | _aBOTANICA | ||
| 650 | _aBIBLIOGRAFIA | ||
| 909 |
_a202309 _bLucia _c55 _dLucia Elande |
||
| 942 | _cBK | ||
| 999 |
_c28535 _d28535 |
||